|
|
|
|
| LEADER |
00800nam#a2200253#a#4500 |
| 001 |
009213 |
| 005 |
20160721145025.0 |
| 008 |
030513s1990####ag##################spa#d |
| 020 |
|
|
|a 9506001596
|
| 040 |
|
|
|a AR-beUNQ
|
| 099 |
|
|
|a 16-H6
|
| 100 |
1 |
|
|a Hopenhayn, Benjamín
|
| 245 |
0 |
0 |
|a Comercio internacional y ajuste externo : una perspectiva latinoamericana
|c Benjamín Hopenhayn ; Pablo Rojo.
|
| 260 |
|
|
|a Buenos Aires :
|b CISEA,
|c 1990
|
| 300 |
|
|
|a 246 p. :
|b tablas
|
| 490 |
0 |
|
|a CISEA/GEL
|
| 650 |
|
7 |
|a COMERCIO INTERNACIONAL
|2 Spines
|
| 650 |
|
7 |
|a POLITICA EXTERIOR
|2 Spines
|
| 650 |
|
7 |
|a ESTABILIZACION ECONOMICA
|2 Spines
|
| 651 |
|
7 |
|a AMERICA LATINA
|2 toit
|
| 700 |
1 |
|
|a Rojo, Pablo
|
| 929 |
|
|
|a COMPRA
|b Felipe Orlando
|d 20,00E
|e 20030506
|f patrimonio
|j 33628
|
| 942 |
|
|
|c LIB
|n 0
|
| 999 |
|
|
|c 11664
|d 87051
|